| 000 | 00462nam a2200157 a 4500 | ||
|---|---|---|---|
| 001 | 1072 | ||
| 003 | CDMR | ||
| 005 | 20130319192105.0 | ||
| 008 | 130130s1992||||||||||||||||||||||||||||d | ||
| 040 |
_aCDMR _bcat _cCPC LLEIDA |
||
| 100 | 1 |
_aPerendreu, Francesc Esteve _9842 |
|
| 245 | 1 | 3 |
_aEl régimen jurídico del Estudio General de Lleida _b: (sXIII-XVIII) _cFrancesc Esteve PERENDREU |
| 260 |
_aLleida _c1992 _bPagès |
||
| 490 | 0 | _aEl Fil d'Ariadna | |
| 942 |
_cMON _2udc |
||
| 999 |
_c1072 _d1072 |
||